Catalog

Record Details

Catalog Search



Available copies

  • 3 of 3 copies available at LARL/NWRL Consortium.

Current holds

0 current holds with 3 total copies.

Show Only Available Copies
Location Call Number / Copy Notes Barcode Shelving Location Status Due Date
Grygla LINK Site DVD AVE (Text) 35500005600836 Main Available -
Red Lake Falls Public Library DVD AVE (Text) 35500005600802 Main Available -
Thief River Falls Public Library DVD AVE (Text) 35500006380958 Main Available -

Record details

  • Physical Description: 1 videodisc (141 min.) : sound, color ; 4 3/4 in.
  • Publisher: Los Angeles, CA : Walt Disney Studios Home Entertainment, [2015]
  • Distributor: Burbank, California : Buena Vista Home Entertainment, [2015]

Content descriptions

General Note:
Widescreen (2.40:1).
Bonus feature: Global adventure.
Participant or Performer Note:
Robert Downey, Jr., Chris Hemsworth, Mark Ruffalo, ... Read More
Summary, etc.:
When Tony Stark tries to jumpstart a dormant ... Read More
Target Audience Note:
MPAA rating: PG-13; for intense sequences of ... Read More
System Details Note:
DVD, NTSC, region 1, widescreen (2.40:1) aspect ... Read More
Language Note:
English (5.1 Dolby digital) or Spanish (Dolby ... Read More
Subject: Avengers (Fictitious characters) > Drama.
Supervillains > Drama.
Imaginary wars and battles > Drama.
Superheroes > Drama.
Avengers (Fictitious characters)
Imaginary wars and battles
Superheroes.
Supervillains.
Genre: Film adaptations.
Feature films.
Superhero films.
Action and adventure films.
Fiction films.
Video recordings for the hearing impaired.
Action and adventure films.
Drama.
Feature films.
Fiction films.
Juvenile works.
Superhero films.
Video recordings for the hearing impaired.
LDR 05760cgm a2201009Ii 4500
001188081
003LARL_NWRL_CONSORTIUM
00520151009170748.0
007vd cvaizq
008090115s2015 cau141 vleng d
02410. ‡a786936846690
02842. ‡a127620 ‡bWalt Disney Studios Home Entertainment
02842. ‡a8040586 ‡bBuena Vista Home Entertainment
035 . ‡a(OCoLC)910713157
040 . ‡aTRACS ‡beng ‡erda ‡cTRACS ‡dOCLCO ‡dBDX ‡dTEF ‡dOCLCF ‡dGK5 ‡dGK8 ‡dIK2 ‡dIHX ‡dPBU
0411 . ‡aeng ‡aspa ‡aeng ‡jspa ‡heng
050 4. ‡aPN1997.2 ‡b.A94 2015
08204. ‡a791.43/72 ‡223
24510. ‡aAvengers, Age of Ultron ‡h[DVD/videorecording] / ‡cMarvel Studios presents ; written and directed by Joss Whedon.
2463 . ‡aMarvel Avengers, Age of Ultron
24630. ‡aAge of Ultron
257 . ‡aUnited States ‡2naf
264 1. ‡aLos Angeles, CA : ‡bWalt Disney Studios Home Entertainment, ‡c[2015]
264 2. ‡aBurbank, California : ‡bBuena Vista Home Entertainment, ‡c[2015]
264 4. ‡c©2015.
300 . ‡a1 videodisc (141 min.) : ‡bsound, color ; ‡c4 3/4 in.
336 . ‡atwo-dimensional moving image ‡btdi ‡2rdacontent
337 . ‡avideo ‡bv ‡2rdamedia
338 . ‡avideodisc ‡bvd ‡2rdacarrier
344 . ‡adigital ‡boptical ‡gsurround ‡hDolby digital 5.1 ‡hDolby digital 5.1 surround ‡2rda
346 . ‡bNTSC ‡2rda
347 . ‡avideo file ‡bDVD video ‡eregion 1 ‡2rda
380 . ‡aMotion picture.
4900 . ‡aAvengers
538 . ‡aDVD, NTSC, region 1, widescreen (2.40:1) aspect ratio; Dolby Digital.
546 . ‡aEnglish (5.1 Dolby digital) or Spanish (Dolby digital 5.1 surround sound) dialogue; English descriptive audio; Spanish subtitles; subtitled for the deaf and hard of hearing (SHD).
5111 . ‡aRobert Downey, Jr., Chris Hemsworth, Mark Ruffalo, Scarlett Johansson, Jeremy Renner, James Spader, Samuel L. Jackson, Don Cheadle, Anthony MacKie.
500 . ‡aWidescreen (2.40:1).
5218 . ‡aMPAA rating: PG-13; for intense sequences of sci-fi action, violence and destruction,a and for some suggestive comments ‡aCHV rating: PG.
520 . ‡aWhen Tony Stark tries to jumpstart a dormant peacekeeping program, things go awry and Earth's Mightiest Heroes, including Iron Man, Captain America, Thor, The Incredible Hulk, Black Widow, and Hawkeye, are put to the ultimate test as the fate of the planet hangs in the balance. As the villainous Ultron emerges, it is up to The Avengers to stop him from enacting his terrible plans, and soon uneasy alliances and unexpected action pave the way for an epic and unique global adventure.
500 . ‡aBonus feature: Global adventure.
650 0. ‡aAvengers (Fictitious characters) ‡vDrama.
650 0. ‡aSupervillains ‡vDrama.
650 0. ‡aImaginary wars and battles ‡vDrama.
650 0. ‡aSuperheroes ‡vDrama.
650 7. ‡aAvengers (Fictitious characters) ‡2fast ‡0(LARL_NWRL_CONSORTIUM)161773
650 7. ‡2fast ‡aImaginary wars and battles ‡0(LARL_NWRL_CONSORTIUM)22729
650 7. ‡aSuperheroes. ‡2fast ‡0(LARL_NWRL_CONSORTIUM)177502
650 7. ‡aSupervillains. ‡2fast
655 7. ‡aFilm adaptations. ‡2lcgft ‡0(LARL_NWRL_CONSORTIUM)175712
655 7. ‡aFeature films. ‡2lcgft ‡0(LARL_NWRL_CONSORTIUM)175625
655 7. ‡aSuperhero films. ‡2lcgft ‡0(LARL_NWRL_CONSORTIUM)175734
655 7. ‡aAction and adventure films. ‡2lcgft ‡0(LARL_NWRL_CONSORTIUM)175617
655 7. ‡aFiction films. ‡2lcgft ‡0(LARL_NWRL_CONSORTIUM)175626
655 7. ‡aVideo recordings for the hearing impaired. ‡2lcgft ‡0(LARL_NWRL_CONSORTIUM)175744
655 7. ‡aAction and adventure films. ‡2fast ‡0(LARL_NWRL_CONSORTIUM)175617
655 7. ‡aDrama. ‡2fast
655 7. ‡aFeature films. ‡2fast ‡0(LARL_NWRL_CONSORTIUM)175625
655 7. ‡aFiction films. ‡2fast ‡0(LARL_NWRL_CONSORTIUM)175626
655 7. ‡aJuvenile works. ‡2fast
655 7. ‡aSuperhero films. ‡2fast ‡0(LARL_NWRL_CONSORTIUM)175734
655 7. ‡aVideo recordings for the hearing impaired. ‡2fast ‡0(LARL_NWRL_CONSORTIUM)175744
7001 . ‡aWhedon, Joss, ‡d1964- ‡efilm director. ‡0(LARL_NWRL_CONSORTIUM)115928
7001 . ‡aDowney, Robert, ‡cJr., ‡d1965- ‡eactor.
7001 . ‡aHemsworth, Chris, ‡eactor.
7001 . ‡aRuffalo, Mark, ‡eactor. ‡0(LARL_NWRL_CONSORTIUM)147231
7001 . ‡aJohansson, Scarlett, ‡d1984- ‡eactor. ‡0(LARL_NWRL_CONSORTIUM)136428
7001 . ‡aRenner, Jeremy, ‡eactor. ‡0(LARL_NWRL_CONSORTIUM)208137
7001 . ‡aSpader, James, ‡eactor. ‡0(LARL_NWRL_CONSORTIUM)109847
7001 . ‡aJackson, Samuel L., ‡eactor. ‡0(LARL_NWRL_CONSORTIUM)141008
7001 . ‡aCheadle, Don, ‡eactor. ‡0(LARL_NWRL_CONSORTIUM)140885
7001 . ‡aMackie, Anthony, ‡d1978- ‡eactor.
7102 . ‡aWalt Disney Studios Home Entertainment (Firm), ‡epublisher. ‡0(LARL_NWRL_CONSORTIUM)215984
7102 . ‡aMarvel Studios. ‡0(LARL_NWRL_CONSORTIUM)213147
901 . ‡a188081 ‡bOCLC ‡c188081 ‡tbiblio

Additional Resources